| 000 | 00749nam a22002057a 4500 | ||
|---|---|---|---|
| 999 |
_c12881 _d12881 |
||
| 003 | AR-CdUCM | ||
| 008 | 190410b ||||| |||| 00| 0 spa d | ||
| 040 |
_aMUNICIPALIDAD PROVINCIAL DEL CUSCO _cBIBLIOTECA MUNICIPAL DEL CUSCO |
||
| 082 |
_a869.56 / _bG88 |
||
| 100 |
_aGuevara, Pablo _915881 |
||
| 245 | _aHotel del Cuzco y otras provincias del Perú / | ||
| 260 |
_aLima : _bAusonia talleres gráficos, _c1972. |
||
| 300 |
_a87 paginas ; _c17 cm. |
||
| 505 | _aContenido : Los ecuestres -- Hotel del Cuzco -- Verbena al inti en la plaza de armas del Cuzco -- En tiempos de guerra. | ||
| 650 |
_aCuzco _97693 |
||
| 650 |
_aPoesías Peruanas _914867 |
||
| 650 |
_aPoesías Cusqueñas _96460 |
||
| 942 |
_2ddc _cLIBROS |
||
| 945 |
_awnts _d2019-04-10 |
||